Digital image processing using MATLAB / (Record no. 218129)

000 -LEADER
fixed length control field 01352 a2200289 4500
003 - CONTROL NUMBER IDENTIFIER
control field Nust
005 - DATE AND TIME OF LATEST TRANSACTION
control field 20221115122519.0
020 ## - INTERNATIONAL STANDARD BOOK NUMBER
International Standard Book Number 0070702624 (pbk.)
020 ## - INTERNATIONAL STANDARD BOOK NUMBER
International Standard Book Number 9780070702622 (pbk.)
035 ## - SYSTEM CONTROL NUMBER
System control number (OCoLC)681842723
035 ## - SYSTEM CONTROL NUMBER
System control number (OCoLC)ocn681842723
040 ## - CATALOGING SOURCE
Transcribing agency Nust
082 04 - DEWEY DECIMAL CLASSIFICATION NUMBER
Classification number 621.367,GON
100 1# - MAIN ENTRY--PERSONAL NAME
Personal name Gonzalez, Rafael C.
245 10 - TITLE STATEMENT
Title Digital image processing using MATLAB /
Statement of responsibility, etc. Rafael C. Gonzalez, Richard E, Woods, Steven L. Eddins.
250 ## - EDITION STATEMENT
Edition statement 2nd ed.
260 ## - PUBLICATION, DISTRIBUTION, ETC.
Place of publication, distribution, etc. New Delhi :
Name of publisher, distributor, etc. Tata McGraw Hill Education,
Date of publication, distribution, etc. c2010.
300 ## - PHYSICAL DESCRIPTION
Extent xviii, 738 p. :
Other physical details ill. (some col.) ;
Dimensions 25 cm.
505 ## - FORMATTED CONTENTS NOTE
Formatted contents note Introduction (Page-1), Intensity Transformations and Spatial Filtering (Page-34), Filtering in the frequency Domain (Page-118), Image Restoration and Reconstruction (Page-163), Geometric Transformations and Image Registration (Page-232), Color Image Processing (Page-272), Walvelets (Page-331), Image Compression (Page-374), Morphological Image (Page-440), Image Segmentation (Page-489), Representation and Description (Page-551),
650 #0 - SUBJECT ADDED ENTRY--TOPICAL TERM
Topical term or geographic name entry element Digital bildbehandling
9 (RLIN) 96529
650 #0 - SUBJECT ADDED ENTRY--TOPICAL TERM
Topical term or geographic name entry element Image processing
General subdivision Digital techniques
9 (RLIN) 673
650 #0 - SUBJECT ADDED ENTRY--TOPICAL TERM
Topical term or geographic name entry element Image processing
General subdivision Digital techniques.
9 (RLIN) 673
650 #0 - SUBJECT ADDED ENTRY--TOPICAL TERM
Topical term or geographic name entry element MATLAB
9 (RLIN) 94870
700 1# - ADDED ENTRY--PERSONAL NAME
Personal name Eddins, Steven L.,
Dates associated with a name 1964-
9 (RLIN) 102613
700 1# - ADDED ENTRY--PERSONAL NAME
Personal name Woods, Richard E.
Dates associated with a name 1954-
9 (RLIN) 96527
942 ## - ADDED ENTRY ELEMENTS (KOHA)
Source of classification or shelving scheme
Koha item type Book
Holdings
Withdrawn status Lost status Source of classification or shelving scheme Damaged status Not for loan Permanent Location Current Location Shelving location Date acquired Full call number Barcode Date last seen Price effective from Koha item type Public note Total Checkouts Date last checked out
          Military College of Signals (MCS) Military College of Signals (MCS) General Stacks 12/12/2016 621.367,GON MCS37408 12/08/2016 12/12/2016 Book Almirah No.30, Shelf No.3    
          Military College of Signals (MCS) Military College of Signals (MCS) Reference 12/12/2016 621.367,GON MCS37409 02/15/2024 12/12/2016 Reference Almirah No.20, Shelf No.5 1 08/12/2022
          Military College of Signals (MCS) Military College of Signals (MCS) General Stacks 11/15/2022 621.367,GON MCS35037 11/15/2022 11/15/2022 Book Almirah No.30, Shelf No.3    
          Military College of Signals (MCS) Military College of Signals (MCS) General Stacks 11/15/2022 621.367,GON MCS35150 11/15/2022 11/15/2022 Book Almirah No.30, Shelf No.3    
          Military College of Signals (MCS) Military College of Signals (MCS) General Stacks 06/01/2024 621.367,GON MCS36823 06/01/2024 06/01/2024 Book Almirah No.30, Shelf No.3    
© 2023 Central Library, National University of Sciences and Technology. All Rights Reserved.